| 000 | 00558nam a2200181Ia 4500 | ||
|---|---|---|---|
| 008 | 100917s9999 xx 000 0 und d | ||
| 082 | _b52953 | ||
| 100 | _aआपटे हरि नारायण | ||
| 245 | _aभास कवींच्या नाटयक था | ||
| 260 |
_b--- _c1917 |
||
| 300 | _a115 | ||
| 365 | _b0.75 | ||
| 520 | _aनाटक | ||
| 630 | _aभास कवींच्या नाटयक था | ||
| 650 | _aनाटक | ||
| 730 | _aभास कवींच्या नाटयक था | ||
| 942 | _cBOOK | ||
| 999 |
_c658347 _d658344 |
||